10 first countries to recognize the USA - Statistics

General Stats
  • This quiz has been taken 72 times
  • The average score is 6 of 10
Answer Stats
Hint Answer % Correct
Feb 6, 1978 France
96%
Feb 20, 1783 Spain
94%
Sept 3, 1783 Great Britain
88%
Feb 15, 1983 Portugal
81%
Nov 16, 1976 Netherlands
76%
April 3, 1783 Sweden
66%
June 23, 1977 Morocco
38%
Dec 15, 1784 Papal States
13%
August 1783 Venice
7%
July 7, 1783 Ragusa
1%
No matching quizzes found
Score Distribution
Percent of People with Each Score
Percentile by Number Answered
Your Score History
You have not taken this quiz